00530 2200205 4500001002100000005001500021008004100036020001700077035002500094041000800119082001000127090001000137100001700147245006100164250001600225260003700241300002100278650001100299650001400310INLIS00000000001896320130516050624 ind  a979-159695-6 a0010-051300000018963 aind a303.4 a303.4 aSugihastuti, aBeautiful E-mail From Korea / editor, Sabar M., Sihaloho aCetakan : 1 aYogyakartabCarasvatibooksc2008 a260 hlm. ;19 cm. aSosial aPerubahan